000 00582nam a2200145Ia 4500
008 151213s9999 xx 000 0 und d
100 _aহসুনীল সাইফুৃল্লাহ
245 _aদু:খ ধরার ভরা স্রোতে।
_cহসুনীল সাইফুৃল্লাহ
250 _aওও
260 _aঢাকা
_bজাহাঙ্গীর নগর বিশ্ববিদ্যালয়।
_c1982
300 _a4564 p.
650 _aBangla
700 _aহসুনীল সাইফুৃল্লাহ
999 _c2938
_d2938